| 000 | 00480nam a2200205Ia 4500 | ||
|---|---|---|---|
| 003 | 0100 | ||
| 008 | 130227s9999 xx 000 0 und d | ||
| 040 | _cARRUPELIB | ||
| 050 | _aHQ1240.5.D44W64 1991 | ||
| 245 | _aWomen and the environment | ||
| 245 | _ba reader | ||
| 260 | _aLondon | ||
| 260 | _bEarthscan Publications Limited | ||
| 260 | _C1981 | ||
| 300 | _a205p. | ||
| 300 | _b 21cm. | ||
| 650 | _bCapitalism | ||
| 700 | _aSontheimer, Sally ed. | ||
| 942 |
_2lcc _02 |
||
| 999 |
_c3468 _d3468 |
||